| 000 | 00700nam a22002297a 4500 | ||
|---|---|---|---|
| 003 | UA-OsUOA | ||
| 001 | 96464 | ||
| 007 | ta | ||
| 008 | 20130319b un ||||| |||| 00| 0 ukr d | ||
| 100 | _aБородінов В.Д. | ||
| 700 | _aКирницький О.В. | ||
| 090 |
_a32 _bБ83 |
||
| 942 | _cSA | ||
| 040 |
_aUA-OsUOA _bukr _cUA-OsUOA _dUA-OsUOA |
||
| 245 | _aПолітичне лідерство та процес становлення стану гегемонії у суспільстві ХХІ століття: світогляд та уУраїна | ||
| 300 | _aС.9-14 | ||
| 955 | _a0 | ||
| 041 | _aukr | ||
| 080 | _a32 | ||
| 773 | 0 | _w96462 | |
| 650 | 7 |
_a32 Політика _2UDC |
|
| 999 |
_c382722 _d382722 |
||